| 000 | nam a22 7a 4500 | ||
|---|---|---|---|
| 999 |
_c153520 _d153518 |
||
| 005 | 20200109120852.0 | ||
| 008 | 200109b mx ||||| |||| 00| 0 spa d | ||
| 020 | _a9786071609625 | ||
| 050 | 0 | 4 |
_aLC92.M6 _bZ47 2012 |
| 100 | 1 | _aZepeda, Beatriz | |
| 245 | 1 | 0 |
_aEnseñar la nación : _bla educación y la institucionalización de la idea de la nación en el México de la reforma (1855-1876) / _cBeatriz Zepeda |
| 250 | _a1a ed. | ||
| 260 |
_aMéxico : _bFondo de Cultura Económica, _bConsejo Nacional para la Cultura y las Artes, _c2012 |
||
| 300 |
_a280 p. ; _c21 cm. |
||
| 490 | 0 | _aBiblioteca Mexicana | |
| 650 | 7 |
_2lemb _aNacionalismo y educación _zMéxico _xHistoria _ySiglo XIX |
|
| 650 | 7 |
_2lemb _aEducación y Estado _zMéxico _xHistoria _ySiglo XIX |
|
| 650 | 7 |
_2lemb _aEducación _xAspectos políticos _zMéxico _xHistoria |
|
| 942 |
_2lcc _cLIB |
||